000 00467cam a22001457a 4500
008 180718b1984 xxu||||| |||| 00| 0 eng d
082 _aAPPPA 83-84 NAR/P
100 _aNarayanan, P.N.
245 _aPlanning and implementation of the pin code in the postal system in India
_cby P.N. Narayanan
260 _aNew Delhi
_bIndian Institute of Public Administration
_c1984
300 _a127p.
650 _aPostal system-India
650 _aPin code
650 _aPlanning
999 _c501332
_d501332